<?xml version="1.0" encoding="UTF-8"?><?xml-stylesheet type="text/xsl" href="static/style.xsl"?><OAI-PMH xmlns="http://www.openarchives.org/OAI/2.0/" xmlns:xsi="http://www.w3.org/2001/XMLSchema-instance" xsi:schemaLocation="http://www.openarchives.org/OAI/2.0/ http://www.openarchives.org/OAI/2.0/OAI-PMH.xsd"><responseDate>2026-04-14T19:50:19Z</responseDate><request verb="GetRecord" identifier="oai:uvadoc.uva.es:10324/13005" metadataPrefix="marc">https://uvadoc.uva.es/oai/request</request><GetRecord><record><header><identifier>oai:uvadoc.uva.es:10324/13005</identifier><datestamp>2021-06-29T11:19:43Z</datestamp><setSpec>com_10324_38</setSpec><setSpec>col_10324_852</setSpec></header><metadata><record xmlns="http://www.loc.gov/MARC21/slim" xmlns:doc="http://www.lyncode.com/xoai" xmlns:xsi="http://www.w3.org/2001/XMLSchema-instance" xmlns:dcterms="http://purl.org/dc/terms/" xsi:schemaLocation="http://www.loc.gov/MARC21/slim http://www.loc.gov/standards/marcxml/schema/MARC21slim.xsd">
<leader>00925njm 22002777a 4500</leader>
<datafield tag="042" ind1=" " ind2=" ">
<subfield code="a">dc</subfield>
</datafield>
<datafield tag="720" ind1=" " ind2=" ">
<subfield code="a">Sonlleva García, Cristina</subfield>
<subfield code="e">author</subfield>
</datafield>
<datafield tag="260" ind1=" " ind2=" ">
<subfield code="c">2015</subfield>
</datafield>
<datafield tag="520" ind1=" " ind2=" ">
<subfield code="a">El Real Sitio de San Ildefonso ha sido considerado destino turístico desde el siglo XVIII, por ser lugar de descanso de sucesivas dinastías reales. El desarrollo de este municipio ha estado vinculado a los sectores productivos del vidrio, la madera/medio ambiente, y el turismo, que junto a la cultura en los últimos años se ha convertido en uno de los motores de la economía local. La versatilidad y el carácter colateral del sector turístico han hecho que la administración local lidere la planificación y gestión de la actividad turística, convirtiéndose en el interlocutor de los agentes que intervienen en el escenario turístico y donde los recursos tanto culturales como naturales cuentan con las más altas figuras de reconocimiento y protección. La colaboración institucional y la implicación del sector privado han sido claves para conformar un destino turístico competitivo y de calidad.</subfield>
</datafield>
<datafield tag="024" ind2=" " ind1="8">
<subfield code="a">http://uvadoc.uva.es/handle/10324/13005</subfield>
</datafield>
<datafield ind1=" " ind2=" " tag="653">
<subfield code="a">Real Sitio de San Ildefonso (Segovia)</subfield>
</datafield>
<datafield ind1=" " ind2=" " tag="653">
<subfield code="a">Turismo-Gestión</subfield>
</datafield>
<datafield tag="245" ind1="0" ind2="0">
<subfield code="a">El turismo en el Real Sitio de San Ildefonso: planificación y gestión de una actividad productiva emergente.</subfield>
</datafield>
</record></metadata></record></GetRecord></OAI-PMH>